Voces de la mente. Un enfoque sociocultural para el estudio de la Acción Mediada.
Guardat en:
| Autor principal: | |
|---|---|
| Altres autors: | |
| Format: | Llibre |
| Idioma: | espanyol |
| Publicat: |
Madrid, España:
Visor,
1993
|
| Col·lecció: | Aprendizaje Visor, 92,
XCII |
| Matèries: | |
| Etiquetes: |
Afegir etiqueta
Sense etiquetes, Sigues el primer a etiquetar aquest registre!
|
MARC
| LEADER | 00000nam a2200000 a 4500 | ||
|---|---|---|---|
| 001 | UCS4840 | ||
| 003 | CL-VaPUC | ||
| 005 | 20220504122826.0 | ||
| 008 | 970814e19930000SP |||||||||||||||||spa|d | ||
| 999 | |c 261629 |d 261627 | ||
| 020 | |a 84-7774-092-5 | ||
| 040 | |c Pontificia Universidad Católica de Valparaíso | ||
| 082 | 0 | 4 | |a 153.1 WER 1993 |2 21 |
| 100 | 0 | |a Wertsch, James V |e autor |9 390623 | |
| 245 | 1 | 0 | |a Voces de la mente. |b Un enfoque sociocultural para el estudio de la Acción Mediada. |
| 260 | |a Madrid, España: |b Visor, |c 1993 | ||
| 300 | |a 185 páginas | ||
| 490 | 0 | |a Aprendizaje Visor, 92, |v XCII | |
| 500 | |a C.2 Donación Familia profesor Giovanni Parodi S. Memo 02/2022. 25-03-2022 | ||
| 583 | |a last modification |c 19970814 00:00:00 |k Rodrigo Vera | ||
| 650 | 0 | |a Psicología |9 257863 | |
| 650 | 0 | |a Mente |9 330838 | |
| 650 | 0 | |a Procesos mentales |2 CL-VaPUC |9 330839 | |
| 700 | |a Silvestri, Adriana |e traducción |9 867840 | ||
| 942 | |c BK |2 ddc | ||
| 945 | |d 19970814 00:00:00 |a rleighto | ||
| 952 | |0 0 |1 0 |4 0 |6 153_100000000000000_WER_1993 |7 0 |8 A |9 289317 |a FDOPOS |b FDOPOS |d 2019-11-19 |i 3306771 |o 153.1 WER 1993 |p 3306771 |r 2025-01-22 |w 2019-11-19 |y BK |k MLH | ||
| 952 | |0 0 |1 0 |2 ddc |4 0 |6 153_100000000000000_WER_1993 |7 0 |8 C_GPS |9 582316 |a BIBEDU |b BIBEDU |c GEN |d 2022-03-31 |e Donación |i 5650606 |o 153.1 WER 1993 |p 5650606 |r 2022-03-31 |t 2 |w 2022-03-31 |y BK |k LIT | ||